000 00573nam a2200193Ia 4500
003 GCL
008 140319s9999 xx 000 0 ara d
040 _aGCL /
_cGCL
082 0 4 _a372.8
_bك ا
100 1 _aلولو جيد داود
245 1 0 _aالادوات والاجهزة المنزلية /
_cلولو جيد داود
700 1 _aكوثر حسين كوجاك
300 _a227 ص
490 _a
650 0 4 _aالاجهزة الكهربائية
650 0 4 _aالاجهزة المنزلية
650 0 4 _aالاقتصاد المنزلى
942 _2ddc
_cBK
999 _c37739
_d37739